书目信息 |
| 书名: | Second-language learning and teaching | |
| 作者: | [by] D. A. Wilkins. | |
| 分册号: | ||
| 分册名: | 出版地: | London : |
|
| 出版社: | Edward Arnold | |
| 出版时间: | 1974. | |
| 页数: | x, 86 p. ; | |
| 开本: | 21 cm. | |
| 丛书名: | ||
| 中图分类号: | ||
| 科图分类号: | ||
| 其他分类号: | H319.3 | |
| 主题词: | ||
| 电子资源: | ||
| 000 | 00746cam 2200253 i 4500 | |
| 001 | E0750906883 | |
| 005 | 20070225140842.65 | |
| 008 | 030402s1974 enk b 000 0 eng | |
| 010 | @a 75313024 //r87 | |
| 020 | @a0713157593 pbk. | |
| 020 | @a0713157585. | |
| 040 | @aDLC@cDLC | |
| 050 | 00 | @aP51@b.W54 |
| 082 | @a407 | |
| 090 | @aJ110.33/W20 | |
| 090 | @aH319.3 | |
| 099 | @dH319.3@ex5 | |
| 100 | 1 | @aWilkins, D. A.@q(David Arthur) |
| 245 | 10 | @aSecond-language learning and teaching / @c[by] D. A. Wilkins. |
| 260 | @aLondon :@bEdward Arnold,@c1974. | |
| 300 | @ax, 86 p. ;@c21 cm. | |
| 504 | @aBibliography: p. [vii] | |
| 650 | 0 | @aLearning, Psychology of. |
| 650 | 0 | @aLanguage and languages@xStudy and teaching. |
| Second-language learning and teaching / / [by] D. A. Wilkins.-London : : Edward Arnold, , 1974. |
| x, 86 p. ; ; 21 cm. |
| Bibliography: p. [vii] |
| ISBN 0713157593 pbk. |
| ● |
| 相关链接 |
|
|
|
|
正题名:Second-language learning and teaching
索取号:H319.3/x5
 
预约/预借
| 序号 | 登录号 | 条形码 | 馆藏地/架位号 | 状态 | 备注 |
| 1 | 181240 | 001439606 | 第二样本阅览室/ [索取号:H319.3/x5] | 在馆 | |
| 2 | 181241 | 001439544 | 第四借阅区/ [索取号:H319.3/x5] | 在馆 | |
| 3 | 181242 | 001439553 | 第四借阅区/ [索取号:H319.3/x5] | 在馆 | |
| 4 | 181243 | 001439562 | 第四借阅区/ [索取号:H319.3/x5] | 在馆 | |
| 5 | 181244 | 001439535 | 第四借阅区/ [索取号:H319.3/x5] | 在馆 |